000 00458nam a2200181Ia 4500
001 16986
003 IN-NITTTR
005 20251114233201.0
008 251113s9999||||xx |||||||||||||| ||eng||
040 _beng
040 _cIN-NITTTR
041 _aeng
082 _a005.133 M297C
100 _aMallozzi, John S.
245 0 _aComputability with pascal /
_cMallozzi, John S., Nicholas, J. De Lillo
700 _a Nicholas, J. De Lillo
942 _2ddc
_cBK
999 _c19620
_d19620